Qui est mort en premier ? #2 - Statistiques

Statistiques générales
  • Ce quiz a été pris 499 fois
  • Le résultat moyen est 11 sur 20
Statistiques - réponses
Question Réponse % Correct
Jean-Pierre Pernaut ou Diego Maradonna ? Diego Maradonna
75%
Kobe Bryant ou Olivia Newton-John ? Kobe Bryant
70%
Grégory Lemarchal ou Neil Armstrong ? Grégory Lemarchal
65%
Marie-Antoinette ou Maximilien de Robespierre ? Marie-Antoinette
63%
Friedrich Nietzsche ou Sissi l'Impératrice ? Sissi l'Impératrice
63%
Alfred Nobel ou Arthur Rimbaud ? Arthur Rimbaud
59%
Michael Jackson ou Saddam Hussein ? Saddam Hussein
59%
Oscar Wilde ou Louis Pasteur ? Louis Pasteur
54%
Napoléon III ou Victor Hugo ? Napoléon III
54%
Socrate ou Aristote ? Socrate
54%
Audrey Hepburn ou Katharine Hepburn ? Audrey Hepburn
53%
Richard Nixon ou Isaac Asimov ? Isaac Asimov
52%
Grichka Bogdanov ou Igor Bogdanov ? Grichka Bogdanoff
51%
François Mitterand ou Frank Sinatra ? François Mitterand
49%
Louis Armstrong ou Duke Ellington ? Louis Armstrong
44%
Tupac ou Pablo Escobar ? Pablo Escobar
44%
Charles Quint ou François Ier ? François Ier
43%
Jules Verne ou la Reine Victoria ? La Reine Victoria
41%
Raphaël ou Michel-Ange ? Raphaël
41%
Gaspard Ulliel ou Jean-Paul Belmondo ? Jean-Paul Belmondo
37%
Aucun quiz correspondant
Distribution des résultats
% des personnes avec chaque résultat
Percentile par nombre de réponses
Votre historique - résultats
Vous n’avez pas pris ce quiz